"Kultúrharc" a Délvidéken - az 1893-as szabadkai katolikus nagygyűlés reprezentációja a helyi és az országos sajtóban

In the 1890s, the representatives of the nascent political Catholicism did their utmost to prevent the adoption of liberal ecclesiastical reform laws. From 1893 onwards, Catholic rallies were held in rural towns against the reform plans. The third event in this series was held in Szabadka. This stud...

Teljes leírás

Elmentve itt :
Bibliográfiai részletek
Szerző: Klestenitz Tibor
Dokumentumtípus: Cikk
Megjelent: 2023
Sorozat:Délvidéki szemle 10 No. 2
Kulcsszavak:Katolikus egyház - Szabadka - 1893, Sajtótörténet - magyar - 1893
Tárgyszavak:
Online Access:http://acta.bibl.u-szeged.hu/88952
LEADER 01817nab a2200229 i 4500
001 acta88952
005 20251113082138.0
008 251113s2023 hu o 000 hun d
022 |a 2416-223X 
040 |a SZTE Egyetemi Kiadványok Repozitórium  |b hun 
041 |a hun 
041 |a eng 
100 1 |a Klestenitz Tibor 
245 1 0 |a "Kultúrharc" a Délvidéken - az 1893-as szabadkai katolikus nagygyűlés reprezentációja a helyi és az országos sajtóban  |h [elektronikus dokumentum] /  |c  Klestenitz Tibor 
260 |c 2023 
300 |a 14-27 
490 0 |a Délvidéki szemle  |v 10 No. 2 
520 3 |a In the 1890s, the representatives of the nascent political Catholicism did their utmost to prevent the adoption of liberal ecclesiastical reform laws. From 1893 onwards, Catholic rallies were held in rural towns against the reform plans. The third event in this series was held in Szabadka. This study examines how the local and metropolitan press handled a regional event, which, due to the circumstances, gained political importance on national level. The press coverage of the Catholic assembly in Szabadka reflects the increasingly polarised Hungarian public opinion of the period. In many cases, the general political orientation of each newspaper predetermined which aspects of the assembly were covered and which were more likely to be silenced. It is also clear that there was a growing distrust of the capital’s press, a phenomenon of anti-journalism among Catholic citizens. Divisions existed, but they did not become exclusive. 
650 4 |a Bölcsészettudományok 
650 4 |a Történettudomány és régészet 
695 |a Katolikus egyház - Szabadka - 1893, Sajtótörténet - magyar - 1893 
856 4 0 |u http://acta.bibl.u-szeged.hu/88952/1/delvideki_szemle_2023_002_014-027.pdf  |z Dokumentum-elérés